|
|
|
|
| LEADER |
01292nam a22003612a 4500 |
| 001 |
001633636 |
| 003 |
CZ BrMZK |
| 005 |
20180907104615.0 |
| 007 |
ta |
| 008 |
180612s1931 xxu fr|||||||||||eng d |
| 040 |
|
|
|a BOA001
|b cze
|e aacr2
|
| 072 |
|
7 |
|a 634
|x Ovocnářství
|2 Konspekt
|9 24
|
| 080 |
|
|
|a 634.11
|2 MRF
|
| 080 |
|
|
|a 634.1.047
|2 MRF
|
| 080 |
|
|
|a 634.1/.8
|2 MRF
|
| 080 |
|
|
|a 33
|2 MRF
|
| 080 |
|
|
|a (048.8)
|2 MRF
|
| 100 |
1 |
|
|a Woodworth, H. C.
|4 aut
|
| 245 |
1 |
0 |
|a Studies in economics of apple orcharding.
|n 1.,
|p An apple enterprise study - costs and management /
|c H.C. Woodworth and G.F. Potter
|
| 246 |
3 |
0 |
|a Apple enterprise study - costs and management
|
| 260 |
|
|
|a Durham :
|b New Hampshire Agricult. Exper. Station,
|c 1931
|
| 300 |
|
|
|a 71 s.
|
| 490 |
1 |
|
|a Bulletin ;
|v 257
|
| 650 |
0 |
7 |
|a jabloně
|7 ph121263
|2 czenas
|
| 650 |
0 |
7 |
|a ovocné sady
|7 ph123877
|x ekonomické aspekty
|2 czenas
|
| 650 |
0 |
7 |
|a ovocnářství
|7 ph115631
|x ekonomické aspekty
|2 czenas
|
| 655 |
|
7 |
|a studie
|7 fd133597
|2 czenas
|
| 700 |
1 |
|
|a Potter, G. F.
|4 aut
|
| 810 |
2 |
|
|a Agricultural Experiment Station of the New Hampshire.
|t Bulletin
|
| 910 |
|
|
|a BOA001
|b X-0525.220,1
|
| 990 |
|
|
|a BK
|
| 991 |
|
|
|b 201806
|
| 996 |
7 |
|
|b 2618942236
|c X-0525.220,1
|l MZK
|r Sklad / do 24 hodin
|n 0
|w 001669596
|u 000010
|a 1
|e BOA001
|j MZK50
|s A
|